| 000 | 02509cam a22003978i 4500 | ||
|---|---|---|---|
| 999 |
_c16689 _d16689 |
||
| 001 | 21827771 | ||
| 003 | OSt | ||
| 005 | 20220307151613.0 | ||
| 008 | 201202s2021 nyu b 001 0 eng | ||
| 010 | _a 2020053272 | ||
| 020 |
_a9780367368562 _q(hardback) |
||
| 020 |
_a9780367368579 _q(paperback) |
||
| 020 |
_z9780429351761 _q(ebook) |
||
| 040 |
_aDLC _beng _erda _cDLC |
||
| 042 | _apcc | ||
| 050 | 0 | 0 |
_aPN4783 _b.H53 2021 |
| 082 | 0 | 0 |
_a2022 _2DC 808.06607 _bSw14 |
| 100 | 1 |
_aSwaine, Matt, _eauthor. _944583 |
|
| 245 | 1 | 0 |
_aWriting for journalists/ _cMatt Swaine with Harriett Gilbert and Gavin Allen, authors |
| 250 | _aFourth edition. | ||
| 263 | _a2106 | ||
| 264 | 1 |
_aNew York: _bRoutledge, _c©2022. |
|
| 300 |
_axii, 246 pages: _billustrations; _c23 cm. |
||
| 336 |
_atext _btxt _2rdacontent |
||
| 337 |
_aunmediated _bn _2rdamedia |
||
| 338 |
_avolume _bnc _2rdacarrier |
||
| 490 | 0 | _aMedia skills | |
| 500 | _aIncludes index. | ||
| 520 |
_a"Thoroughly revised and updated, the fourth edition of Writing for Journalists focuses on the craft of journalistic writing, offering invaluable insight on how to hook readers and keep them to the end of your article. The book offers a systematic approach to news and feature writing that starts with the basics and builds to more complex and longer pieces. The authors give the reader the tools they need to deliver engaging and authoritative writing that works across print and digital. Drawing on professional insight from writers across the industry, the book guides readers through the essential elements needed to write powerful and effective news stories, from hard news pieces to features on business, science, travel, and entertainment reviews. New to this edition are hands-on writing exercises accompanying each chapter to help reinforce key points; chapters on how to build a professional profile, pitch stories and get commissioned; and a section on online writing, SEO, analytics and writing for social media. This is an essential guide for all journalism students and early-career journalists. It also has much to offer established journalists looking to develop their writing and lead editorial teams"-- _cProvided by publisher. |
||
| 650 | 0 |
_aJournalism _xAuthorship. _944584 |
|
| 700 | 1 |
_aGilbert, Harriett, _d1948- _eauthor. _944585 |
|
| 700 | 1 |
_aAllen, Gavin L., _eauthor. _944586 |
|
| 906 |
_a7 _bcbc _corignew _d1 _eecip _f20 _gy-gencatlg |
||
| 942 |
_2ddc _cDC |
||